| 000 | 00413 a2200157 4500 | ||
|---|---|---|---|
| 003 | NUST | ||
| 005 | 20230321124128.0 | ||
| 040 | _cNust | ||
| 082 | _a954.91,DIL | ||
| 100 |
_aDil, Nawaz Dil _965203 |
||
| 245 |
_aSab se Pehle Pakistan / سب سے پہلے پاکستان (Urdu) / _cDil Nawaz Dil |
||
| 260 |
_aLahore _bAl-Tehrir _c2004 |
||
| 300 | _a320 p.; | ||
| 650 | _aPakistan | ||
| 942 |
_2ddc _cBK _k954.91,DIL |
||
| 999 |
_c194875 _d194875 |
||